00764 a2200205 4500999001900000005001700019010001500036020003000051035001400081037001300095082001600108100001500124245006800139260006100207270008500268300002200353700001800375942003200393952013300425 c183232d18323220211221135807.0 aENG-130444 a978-93-5460-083-8c755.00 aEN-113976 bDBAD/PUB a658.4033b1 aVohra, N D aQuantitative Techniques in Management:cN D Vohra, Hitesh Arora aTamill NadubMcGraw Hill Education Private Limitedc2021 a444/1, Sri Ekambara Naicker Industrial Estate, Alapakkam, PorurbChennaie600116 a832p.c22cm (pbk) aArora, Hitesh adplcEN2ddch658.4033mVOH 001040708NFICaLbLd2021-12-21eDBAD/PUBg755.00l1o658.4033 VOHpEN-113976r2022-11-04 00:00:00s2022-10-31t1v755.00yEN